000 00642nam a2200133Ia 4500
008 220620s9999||||xx |||||||||||||| ||und||
020 _a9782890000000
245 0 _aUrbanization and Affordances that Promote Well-Being for (Urban) People and for a Healthy Biosphere
546 _aEnglish[eng]
650 _aurban design||connectedness with nature||sustainability transformation||environmental learning||affordances
700 _aBarthel, Stephan||Kyttä, Marketta
856 _uhttps://www.frontiersin.org/research-topics/5448/urbanization-and-affordances-that-promote-well-being-for-urban-people-and-for-a-healthy-biosphere
942 _cEB
999 _c27162
_d27162